000 00673cam a2200217 a 4500
001 24264
003 BD-RjUL
005 20211209001029.0
008 140312r19651963enk 001 0 eng d
035 _a(BD-RjUL)24330
040 _aEQO
_beng
_cBD-RjUL
_dBD-RjUL
041 _aeng
082 _a341.13
_bBAU
100 1 _aBailey, Sydney D.
_q(Sydney Dawson),
_d1916-1995.
_916879
245 1 4 _aThe United Nations :
_ba short political guide /
_cSydney D. Bailey
260 _aLondon :
_bPall Mall Press,
_c1963 [reprinted 1965]
300 _a141 p. ;
_c21 cm
504 _aIncludes bibliographical references and index
610 2 0 _aUnited Nations.
_974737
942 _2ddc
_cBK
999 _c24264
_d24264